000 00717nam a2200241Ia 4500
003 OSt
005 20220918202551.0
006 a|||||r|||| 00| 0
007 ta
008 220917b |||||||| |||| 00| 0 eng d
024 _a102,191
037 _cTextual
040 _aARTS
_cARTS
_beng
041 _2eng
_aeng
082 _aV261p2,N84, M4
110 _aSeminar on northesat Region Problems and pros[pects of Development (chandighar)
_9104361
245 0 _aPapers ed by B L Abbi
260 _c1984
650 _aHISTORY
700 _aSeminar on northesat Region Problems and pros[pects of Development (chandighar)
_9104362
942 _hV261p2,N84, M4
_cTEXL
_2CC
999 _c225651
_d225651